UAAP-NCAA - Statistics

General Stats
  • This quiz has been taken 101 times
  • The average score is 13 of 18
Answer Stats
Hint Answer % Correct
UAAP DLSU
96%
UAAP UP
96%
UAAP UST
96%
UAAP ADMU
95%
UAAP AdU
94%
UAAP NU
94%
UAAP FEU
91%
UAAP UE
91%
NCAA SBU
80%
NCAA CSJL
79%
NCAA DLS-CSB
65%
NCAA MU
59%
NCAA AU
58%
NCAA LPU
58%
NCAA JRU
55%
NCAA UPHDS
40%
NCAA SSC-R
38%
NCAA EAC
36%
No matching quizzes found
Score Distribution
Percent of People with Each Score
Percentile by Number Answered
Your Score History
You have not taken this quiz